00474nam a2200157 4500003000900000005001700009008003200026020001800058040002400076082001300100100003200113245006600145260005700211300002000268700002800288DO-SdBNP20171128090559.0090706s2007 cu d000 spa d a9789592592667 a BPMSUbspacBPMSU axxxbxxx aDuque Sánchez, Luis Oscar 3aLa batalla del Che /cLuis Oscar Duque, Manuel Pérez Alfaro aLa Habana :c2007bPablo de la Torriente Editorial, a32 p. :c21 cm. aPérez Alfaro, Manuel